Slávnosti Jána Kollára - pozvání na stoletou pamĕť narození pĕvce "Slávy Dcery"

Bibliographic Details
Format: Photo
Language:Slovak
PhysicalDescription:1 plagát farebný 26 x 34 cm
Published: Viedeň 1893 - máj
Subjects:

MARC

LEADER 00000nkm a2200000 a 4500
001 vtls011576050
003 SK-MaSNL
005 20260302014837.0
007 kf bo
008 240409s1997 xo g kuslo
035 |a urn:nbn:sk:snk-km00bzwl 
035 |a urn:nbn:sk:snk-km3lp3o 
035 |a C1A1FF31-9B9D-4FB8-BEDF-C583BA0F6F19 
040 |a SNK  |b slo  |c SNK  |e AACR2 
041 0 |a slo 
043 |a e-xo--- 
044 |a xo  |c SK 
072 7 |a 394  |x Verejný a spoločenský život. Každodenný život  |2 konspekt 
072 7 |a 929  |x Biografie  |2 konspekt 
080 |a 394.46  |2 2011 
080 |a (084.5)  |2 2011 
080 |a 929  |2 2011 
245 0 0 |a Slávnosti Jána Kollára - pozvání na stoletou pamĕť narození pĕvce "Slávy Dcery" 
260 |a Viedeň  |c 1893 - máj 
300 |a 1 plagát  |b farebný  |c 26 x 34 cm 
648 7 |a 1896-1996  |2 SNKPH  |9 286313 
650 0 7 |a koncert  |2 SNKPH  |9 659938 
651 7 |a Rakúsko-Uhorsko  |2 SNKPH  |9 36860 
655 7 |a plagáty  |2 SNKPH  |9 70571 
958 |a CP 
958 |a GBN 
999 |c 1018563  |d 1020493 
952 |a SNKLM  |b SNKLM  |y NEVYP  |7 1  |p 17A1201218  |o snklm L 575  |8 7  |0 0  |1 0  |4 0  |d 2016-08-31  |f 1  |l 0  |r 2026-02-24 13:16:05  |w 2026-02-24